000 00341nam a22001217a 4500
008 230703b xxu||||| |||| 00| 0 eng d
082 _a339
_bGOK
100 _cGOK
245 _aInvestment Programme
_bfor the Economic recovery Strategy for wealth and Employment Creation
_c2003-2007
260 _bGOK
_c2004
300 _a140p
942 _2ddc
_cBK
999 _c3513
_d3513